00683nam a22001577a 4500020001900000020001500019050001900034100001900053245005200072250001200124260004300136300003400179500007400213505022400287700001400511 a9788171771851  a8171771858 aKNS953.5b.M29 a Mallick, M R  aGoyle's the law of partnership c M.R. Mallick. a 2nd ed aKolkata : bEastern Law House, c2006. a748 pages : bforms ; c25 cm a Revised edition of: The law of partnership / by L.C. Goyle. 1989.  aThe Indian Partnership Act 1932 The Nature of Partnership Relations of partners to another Relations of Partners to third Parties Incoming and Outgoing Partners Dissolution of a Firm Registration of Firms Supplemental aL C Goyle